[Event "Sparkassen-Open A"]
[Site "Heusenstamm, Martinsee"]
[Date "2019.11.24"]
[Round "6.97"]
[White "Engel, Jan"]
[Black "Kirchmann, Sascha"]
[Result "1-0"]
[WhiteElo "1919"]
[BlackElo "1708"]
[PlyCount "69"]
[EventDate "2019.??.??"]
[WhiteTeam "Frankfurter TV"]
[BlackTeam "SC Obertshausen"]

1. d4 d5 2. c4 e6 3. Nc3 Nf6 4. cxd5 exd5 5. Bg5 Be7 6. e3 Nbd7 7. Bd3 c6 8.
Qc2 O-O 9. Nge2 Re8 10. O-O Nf8 11. f3 Be6 12. h3 Rc8 13. Rad1 Qa5 14. Qd2 Rcd8
15. e4 dxe4 16. fxe4 Qc7 17. b4 Ng6 18. b5 Rd7 19. e5 Nd5 20. Bxe7 Rexe7 21.
Ne4 cxb5 22. N2g3 a6 23. Nh5 Qd8 24. Nef6+ gxf6 25. exf6 Qf8 26. fxe7 Rxe7 27.
Be4 f5 28. Rxf5 Bxf5 29. Bxd5+ Be6 30. Rf1 Qd8 31. Be4 Bc4 32. Rf3 b6 33. d5
Qd6 34. Qh6 Bxd5 35. Rf8+ 1-0

[Event "Sparkassen-Open A"]
[Site "Heusenstamm, Martinsee"]
[Date "2019.11.24"]
[Round "6.98"]
[White "Knödler, Marcel"]
[Black "Schwegler, Jelena"]
[Result "1-0"]
[WhiteElo "1809"]
[BlackElo "1513"]
[PlyCount "153"]
[EventDate "2019.??.??"]
[WhiteTeam "FC Bierstadt"]
[BlackTeam "SK Bad Homburg"]

1. d4 Nf6 2. Nf3 g6 3. Bf4 Bg7 4. Nbd2 O-O 5. e4 d5 6. e5 Nh5 7. Be3 f6 8. Be2
fxe5 9. Nxe5 Nf4 10. O-O e6 11. Ndf3 Nd7 12. Qd2 Nxe5 13. Bxf4 Nxf3+ 14. Bxf3
b6 15. Rfe1 c5 16. Be5 Qh4 17. Bxg7 Kxg7 18. dxc5 bxc5 19. Qc3+ Qd4 20. Qxd4+
cxd4 21. Bg4 Rb8 22. b3 Rb6 23. g3 Rc6 24. Re2 h5 25. Bh3 g5 26. Rd1 g4 27. Bf1
Ba6 28. Red2 Bxf1 29. Rxf1 e5 30. h3 Rf3 31. hxg4 hxg4 32. Re1 Rf5 33. Kg2 Rh5
34. Rh1 Rxh1 35. Kxh1 Kf6 36. Kg2 Kf5 37. Kf1 Ra6 38. a4 Rb6 39. Ke2 Rb4 40.
Rd1 Kg5 41. Rh1 Rb7 42. Rh8 Rd7 43. Rb8 e4 44. Rb4 Rc7 45. Kd1 e3 46. Rxd4 exf2
47. Rxd5+ Kg6 48. Ke2 Rxc2+ 49. Kf1 Rb2 50. Rd7 Rxb3 51. Kxf2 Rb2+ 52. Ke3 Rb3+
53. Rd3 Rb4 54. Rd4 Rb3+ 55. Kf4 Rb6 56. Kxg4 Ra6 57. Kf4 Re6 58. g4 Kf6 59.
Re4 Rd6 60. Ke3 Kg5 61. Rd4 Re6+ 62. Kd3 Ra6 63. Kc3 Rb6 64. Kc4 Rb1 65. Kc5
Rb6 66. a5 Rb2 67. Rb4 Ra2 68. Kb5 Re2 69. Ka6 Ra2 70. Rb5+ Kxg4 71. Kxa7 Kf4
72. a6 Ke4 73. Kb7 Kd4 74. a7 Kc4 75. Rb1 Rh2 76. Rc1+ Kd4 77. a8=Q 1-0

[Event "Sparkassen-Open A"]
[Site "Heusenstamm, Martinsee"]
[Date "2019.11.24"]
[Round "6.99"]
[White "Emig, Nils"]
[Black "Bittner, Peter"]
[Result "1-0"]
[WhiteElo "1815"]
[BlackElo "1870"]
[PlyCount "73"]
[EventDate "2019.??.??"]
[WhiteTeam "SK Marburg"]
[BlackTeam "SC Nied"]

1. d4 Nf6 2. c4 e6 3. Nf3 d5 4. e3 c6 5. Nc3 Bb4 6. Qb3 Qe7 7. a3 Bxc3+ 8. bxc3
O-O 9. Bd3 Nbd7 10. O-O e5 11. dxe5 Nxe5 12. Nxe5 Qxe5 13. cxd5 Nxd5 14. Bb2
Qg5 15. Rfe1 Be6 16. Qc2 h5 17. Kh1 f5 18. f4 Qh6 19. c4 Nb6 20. Rf1 Rad8 21.
Bd4 Rf7 22. Rf3 Rc8 23. Rh3 c5 24. Bb2 g6 25. Rg3 Kh7 26. Rd1 Rd7 27. Be2 Rxd1+
28. Qxd1 Rg8 29. Rg5 Bf7 30. Qc2 Qf8 31. e4 fxe4 32. Qxe4 Kh6 33. g4 Qe8 34.
Re5 Qd8 35. Re7 Re8 36. g5+ Kh7 37. Rxf7+ 1-0

[Event "Sparkassen-Open A"]
[Site "Heusenstamm, Martinsee"]
[Date "2019.11.24"]
[Round "6.100"]
[White "Walbrecht, Quirin"]
[Black "Baumgarten, Fred"]
[Result "1-0"]
[WhiteElo "1856"]
[BlackElo "1668"]
[PlyCount "69"]
[EventDate "2019.??.??"]
[WhiteTeam "FC Bayern München"]
[BlackTeam "SV Hennef"]

1. d4 Nf6 2. c4 c5 3. d5 e6 4. Nc3 exd5 5. cxd5 d6 6. e4 g6 7. f4 a6 8. Nf3 b5
9. a3 Bg7 10. Bd3 O-O 11. O-O Bb7 12. Re1 Nbd7 13. Be3 Ng4 14. Bd2 c4 15. Be3
Nxe3 16. Rxe3 cxd3 17. Qxd3 Re8 18. Rae1 Qb6 19. Kh1 Nc5 20. Qd2 Rac8 21. e5
dxe5 22. fxe5 Rcd8 23. d6 Bh6 24. Nd5 Bxe3 25. Nf6+ Kg7 26. Qxe3 Bxf3 27. Qxf3
Re6 28. Qh3 Rxf6 29. exf6+ Kxf6 30. Qxh7 Kg5 31. h4+ Kg4 32. Qh6 Ne6 33. Rxe6
Qc5 34. Re4+ Kg3 35. Qf4# 1-0

[Event "Sparkassen-Open A"]
[Site "Heusenstamm, Martinsee"]
[Date "2019.11.24"]
[Round "6.101"]
[White "Terwagne, Bertrand"]
[Black "Altenbernd, Dirk"]
[Result "0-1"]
[WhiteElo "1809"]
[BlackElo "1836"]
[PlyCount "98"]
[EventDate "2019.??.??"]
[WhiteTeam "CRELEL"]
[BlackTeam "SK Tönsberg Oerlinghausen"]

1. Nf3 g6 2. c4 Bg7 3. d4 d6 4. g3 e5 5. dxe5 dxe5 6. Qxd8+ Kxd8 7. Nc3 f6 8.
Bg2 c6 9. O-O Be6 10. b3 Kc7 11. Bb2 Nh6 12. Rad1 Nd7 13. Ne4 Nf7 14. Rd2 Bf8
15. Rfd1 Be7 16. Ne1 Rhd8 17. Nc2 a5 18. a3 a4 19. b4 Bxc4 20. Ne3 Be6 21. Nc3
Nb6 22. Be4 Rxd2 23. Rxd2 f5 24. Bc2 f4 25. gxf4 exf4 26. Ned1 Bb3 27. Bxb3
axb3 28. Rd3 Nc4 29. Nb1 Rd8 30. Rd4 Nxb2 31. Rxd8 Bxd8 32. Nxb2 Bf6 33. Nd3 g5
34. h4 h6 35. hxg5 hxg5 36. Kg2 Kd6 37. Nd2 Ne5 38. Nxe5 Bxe5 39. Nxb3 Bb2 40.
a4 Bc3 41. Nc5 Bxb4 42. Ne4+ Kd5 43. Nxg5 c5 44. Kf3 c4 45. Ne4 Ke5 46. e3 fxe3
47. Kxe3 c3 48. Nxc3 Bxc3 49. Kd3 Ba5 0-1

[Event "Sparkassen-Open A"]
[Site "Heusenstamm, Martinsee"]
[Date "2019.11.24"]
[Round "6.102"]
[White "Yue, Qizhou"]
[Black "Feicht, Arno"]
[Result "0-1"]
[WhiteElo "1792"]
[BlackElo "1851"]
[PlyCount "128"]
[EventDate "2019.??.??"]
[WhiteTeam "SV Multatuli Ingelheim e.V."]
[BlackTeam "SV Alsfeld"]

1. e4 c5 2. Nc3 Nc6 3. Bb5 Nd4 4. Bc4 e6 5. Nge2 Ne7 6. Nxd4 cxd4 7. Ne2 Nc6 8.
O-O Bc5 9. d3 O-O 10. Bb3 Na5 11. Ng3 Nxb3 12. axb3 d6 13. f4 d5 14. f5 f6 15.
Qf3 Bd6 16. Nh5 Kh8 17. Qg4 Qe7 18. Bf4 e5 19. Bd2 dxe4 20. Qxe4 Bd7 21. Qh4
Bc6 22. Ng3 a6 23. Ne4 Rac8 24. Rac1 Bxe4 25. Qxe4 Bb4 26. c3 dxc3 27. bxc3
Bc5+ 28. Kh1 Rcd8 29. Rf3 Rf7 30. Rh3 Qf8 31. b4 Ba7 32. Rf1 Rfd7 33. Rff3 Qg8
34. Rh5 Qb3 35. Qh4 Qd1+ 36. Be1 Rxd3 37. Rxh7+ Kg8 38. Rh8+ Kf7 39. Rxd8 Rxd8
40. h3 e4 41. Rf4 Rh8 42. Qg3 Re8 43. Rg4 g5 44. fxg6+ Kg8 45. Qh4 Re7 46. Kh2
Bb8+ 47. Bg3 Bxg3+ 48. Rxg3 Qd6 49. Qh6 f5 50. Qh5 f4 51. Rg5 f3+ 52. Rg3 f2
53. g7 Rxg7 54. Qe8+ Qf8 55. Qe6+ Qf7 56. Rxg7+ Kxg7 57. Qg4+ Kf6 58. Qf4+ Ke6
59. Qxe4+ Kd6 60. Qd4+ Kc6 61. Qe4+ Kc7 62. Qe5+ Kc8 63. Qc5+ Kb8 64. Qd6+ Qc7
0-1

[Event "Sparkassen-Open A"]
[Site "Heusenstamm, Martinsee"]
[Date "2019.11.24"]
[Round "6.103"]
[White "Biot, Thomas"]
[Black "Rieger, Mario"]
[Result "0-1"]
[WhiteElo "1763"]
[BlackElo "1849"]
[PlyCount "82"]
[EventDate "2019.??.??"]
[WhiteTeam "CRELEL"]
[BlackTeam "MS Halver-Schalksmühle"]

1. Nf3 Nf6 2. c4 g6 3. g3 Bg7 4. d4 d6 5. Bg2 O-O 6. O-O Nbd7 7. Nc3 c6 8. Bg5
Re8 9. e4 e5 10. d5 c5 11. a4 a6 12. a5 h6 13. Bd2 b6 14. axb6 Nxb6 15. b3 Bd7
16. h3 a5 17. Qc2 Qc8 18. Kh2 Qa6 19. Be3 Reb8 20. Ra3 Qb7 21. Rfa1 a4 22. Nd2
axb3 23. Qxb3 Rxa3 24. Rxa3 Qc8 25. Qa2 Ra8 26. Rxa8 Qxa8 27. Qxa8+ Nxa8 28.
Nb5 Ne8 29. Nb3 Nb6 30. Na5 Nxc4 31. Nxc4 Bxb5 32. Na5 Kf8 33. Kg1 Ke7 34. Bf1
Bxf1 35. Kxf1 f5 36. exf5 gxf5 37. f4 e4 38. g4 fxg4 39. Nc6+ Kd7 40. hxg4 Nf6
41. Nb8+ Kc8 0-1

[Event "Sparkassen-Open A"]
[Site "Heusenstamm, Martinsee"]
[Date "2019.11.24"]
[Round "6.104"]
[White "Lysakovskyi, Oleh"]
[Black "Hänselmann, Hendrik"]
[Result "1-0"]
[WhiteElo "1559"]
[BlackElo "1848"]
[PlyCount "117"]
[EventDate "2019.??.??"]
[WhiteTeam "SV Neu-Isenburg"]
[BlackTeam "Karlsruher SF"]

1. d4 Nf6 2. c4 g6 3. Nc3 Bg7 4. Nf3 d6 5. e4 O-O 6. h3 e5 7. d5 Na6 8. Be2 Bd7
9. Be3 Nh5 10. Qd2 f5 11. Bh6 Nc5 12. Bxg7 Kxg7 13. exf5 Bxf5 14. g4 Be4 15.
Nxe4 Nxe4 16. Qe3 Nxf2 17. Qxf2 Nf4 18. Kd1 Qf6 19. Qh4 Qf7 20. Ng5 Qg8 21. Rf1
h6 22. Ne6+ Nxe6 23. Qe7+ Kh8 24. dxe6 Rae8 25. Rxf8 Rxe7 26. Rxg8+ Kxg8 27.
Bf3 c6 28. Ke2 Rxe6 29. g5 h5 30. Rf1 Kg7 31. b4 a6 32. Ke3 Kh7 33. a4 e4 34.
Bd1 Kg7 35. Bb3 Re5 36. h4 c5 37. bxc5 dxc5 38. Rf4 Re6 39. Rxe4 Rb6 40. Bc2
Rb2 41. Kd3 b5 42. Kc3 Rb4 43. cxb5 axb5 44. Rxb4 cxb4+ 45. Kxb4 bxa4 46. Bxa4
Kf7 47. Bb3+ Ke7 48. Kc5 Kf8 49. Kd6 Kg7 50. Ke7 Kh7 51. Kf6 Kh8 52. Bc2 Kg8
53. Kxg6 Kh8 54. Kxh5 Kg7 55. Kg4 Kh8 56. h5 Kg8 57. h6 Kh8 58. g6 Kg8 59. Bb3+
1-0

[Event "Sparkassen-Open A"]
[Site "Heusenstamm, Martinsee"]
[Date "2019.11.24"]
[Round "6.105"]
[White "Schmieder, Stefan"]
[Black "Bobrowski, Damian"]
[Result "1/2-1/2"]
[WhiteElo "1847"]
[BlackElo "1617"]
[PlyCount "32"]
[EventDate "2019.??.??"]
[WhiteTeam "vereinslos"]
[BlackTeam "vereinslos"]

1. e4 e6 2. d4 d5 3. Nd2 dxe4 4. Nxe4 Bd7 5. Nf3 Bc6 6. Bd3 Nd7 7. O-O Ngf6 8.
Ng3 Be7 9. c4 Bxf3 10. Qxf3 c6 11. Bd2 Qb6 12. Bc3 Bb4 13. Bc2 O-O 14. Rad1 Qa5
15. Bxb4 Qxb4 16. b3 Rab8 1/2-1/2

[Event "Sparkassen-Open A"]
[Site "Heusenstamm, Martinsee"]
[Date "2019.11.24"]
[Round "6.106"]
[White "Wimmer, Thomas"]
[Black "Neuhoff, Laertes"]
[Result "1-0"]
[WhiteElo "1836"]
[BlackElo "1461"]
[PlyCount "53"]
[EventDate "2019.??.??"]
[WhiteTeam "SK Marburg"]
[BlackTeam "SG Leipzig"]

1. d4 Nf6 2. c4 g6 3. Nc3 d5 4. Qb3 e6 5. Bg5 dxc4 6. Qxc4 h6 7. Bh4 Bg7 8. e4
g5 9. Bg3 c6 10. Nf3 O-O 11. Be2 Qb6 12. O-O-O Rd8 13. h4 g4 14. Ne5 h5 15. f3
Bh6+ 16. Kb1 gxf3 17. Bxf3 Nbd7 18. Rhf1 Nxe5 19. Bxe5 Ng4 20. Bxg4 hxg4 21.
Rf6 Bg7 22. Qe2 Bxf6 23. Qxg4+ Kf8 24. Bxf6 Ke8 25. Qg8+ Kd7 26. Qxf7+ Kd6 27.
e5# 1-0

[Event "Sparkassen-Open A"]
[Site "Heusenstamm, Martinsee"]
[Date "2019.11.24"]
[Round "6.107"]
[White "Müller, Maximilian"]
[Black "Krychevskiy, Dmytro"]
[Result "1/2-1/2"]
[WhiteElo "1698"]
[BlackElo "1947"]
[PlyCount "87"]
[EventDate "2019.??.??"]
[WhiteTeam "SC Eppelborn"]
[BlackTeam "SV Oberursel"]

1. e4 c6 2. Nf3 d5 3. exd5 cxd5 4. Ne5 Qd6 5. d4 Nc6 6. f4 Qb4+ 7. c3 Qb6 8.
Bd3 g6 9. O-O Bg7 10. Kh1 Nh6 11. Nd2 O-O 12. Qf3 f6 13. Nxc6 bxc6 14. Qe2 Qc7
15. Nb3 Bg4 16. Qe3 Rae8 17. Bd2 Bc8 18. Rae1 Nf5 19. Qe2 e5 20. fxe5 fxe5 21.
dxe5 Bxe5 22. g4 Ng7 23. Rxf8+ Kxf8 24. Bh6 Kg8 25. Qf3 Rf8 26. Qe2 Bf4 27.
Bxf4 Qxf4 28. Rg1 Re8 29. Qf1 Qd6 30. Qf2 Ne6 31. Qg3 Qxg3 32. Rxg3 Nf4 33. h3
Re1+ 34. Kh2 Rd1 35. Bc2 Rf1 36. Re3 Ba6 37. Kg3 g5 38. Re7 Ne2+ 39. Kg2 Nf4+
40. Kg3 Rg1+ 41. Kf3 Rf1+ 42. Kg3 Rg1+ 43. Kf3 Rf1+ 44. Kg3 1/2-1/2

[Event "Sparkassen-Open A"]
[Site "Heusenstamm, Martinsee"]
[Date "2019.11.24"]
[Round "6.108"]
[White "Fröhlich-Dill, Astrid"]
[Black "Renger, Jürgen"]
[Result "0-1"]
[WhiteElo "1871"]
[BlackElo "1682"]
[PlyCount "100"]
[EventDate "2019.??.??"]
[WhiteTeam "SV Hofheim"]
[BlackTeam "Sges Bensheim"]

1. d4 Nf6 2. Nf3 e6 3. c4 b6 4. Nc3 Bb4 5. Bd2 Bb7 6. e3 O-O 7. Bd3 c5 8. O-O
d6 9. h3 Nbd7 10. Qc2 h6 11. a3 Bxc3 12. bxc3 d5 13. Rab1 Rc8 14. cxd5 c4 15.
Be2 Bxd5 16. Qa2 Ne4 17. Rfc1 Qf6 18. Be1 Rc7 19. Nd2 Nd6 20. f3 Ba8 21. e4 Qg5
22. Bxc4 Nxc4 23. Nxc4 Nf6 24. Bd2 Qh4 25. Be1 Qg5 26. Bd2 Qh4 27. Ne3 Rfc8 28.
Be1 Qg5 29. Qe2 Qa5 30. Qb2 Nh5 31. c4 Qg5 32. Bf2 Nf4 33. Qb3 Ne2+ 34. Kf1
Nxc1 35. Rxc1 Bb7 36. Rc3 Qa5 37. Bg3 Rd7 38. Nc2 Qg5 39. Bf2 Rdc7 40. Be3 Qd8
41. a4 Rxc4 42. Rxc4 Ba6 43. Na3 Qc7 44. Nb5 Qxc4+ 45. Qxc4 Rxc4 46. Kf2 Bxb5
47. axb5 Rb4 48. Ke2 Rxb5 49. Bf4 Rb2+ 50. Bd2 Kf8 0-1

[Event "Sparkassen-Open A"]
[Site "Heusenstamm, Martinsee"]
[Date "2019.11.24"]
[Round "6.109"]
[White "Stumpf, Daniel"]
[Black "Hoppstädter, Daniel"]
[Result "1-0"]
[WhiteElo "1947"]
[BlackElo "1757"]
[PlyCount "101"]
[EventDate "2019.??.??"]
[WhiteTeam "SW Lichtenrade"]
[BlackTeam "SC Illingen"]

1. c4 Nf6 2. Nc3 g6 3. g3 Bg7 4. Bg2 O-O 5. d3 c6 6. Rb1 e6 7. Nf3 d5 8. O-O
Nbd7 9. b4 Ng4 10. Qc2 f5 11. Ng5 Qf6 12. Na4 h6 13. Nf3 b6 14. cxd5 cxd5 15.
Qc6 Rb8 16. Bb2 Qe7 17. Bxg7 Kxg7 18. h3 Bb7 19. Qc3+ Ngf6 20. Rfc1 Rbc8 21.
Qb2 Kh7 22. a3 g5 23. Rxc8 Rxc8 24. Rc1 Rxc1+ 25. Qxc1 Qd6 26. Nd4 a5 27. bxa5
bxa5 28. Qb2 Bc6 29. Nb6 g4 30. hxg4 fxg4 31. Nxd7 Nxd7 32. Qc3 Bb7 33. Qxa5 e5
34. Nf5 Qb6 35. Qd2 Qe6 36. Qb4 Bc6 37. Qe7+ Qxe7 38. Nxe7 Bb7 39. Nxd5 Bxd5
40. Bxd5 Nc5 41. f3 gxf3 42. exf3 Kg7 43. Be4 Kf6 44. Kf2 Kg5 45. Ke3 Nb3 46.
a4 Kf6 47. Bd5 Na5 48. Ke4 h5 49. d4 exd4 50. Kxd4 Ke7 51. Kc5 1-0

[Event "Sparkassen-Open A"]
[Site "Heusenstamm, Martinsee"]
[Date "2019.11.24"]
[Round "6.110"]
[White "Müller, Maurice-Pascal"]
[Black "Hegel, Christoph"]
[Result "1/2-1/2"]
[WhiteElo "1683"]
[BlackElo "1928"]
[PlyCount "29"]
[EventDate "2019.??.??"]
[WhiteTeam "SC Landskrone"]
[BlackTeam "Vorw.Orient Mainz"]

1. e4 c5 2. Nf3 Nc6 3. d4 cxd4 4. Nxd4 e5 5. Nb5 a6 6. Nd6+ Bxd6 7. Qxd6 Qf6 8.
Qxf6 Nxf6 9. Bd3 d5 10. Bg5 Nxe4 11. Bxe4 dxe4 12. Nc3 f6 13. Be3 Bf5 14. O-O-O
Kf7 15. Bb6 1/2-1/2

[Event "Sparkassen-Open A"]
[Site "Heusenstamm, Martinsee"]
[Date "2019.11.24"]
[Round "6.111"]
[White "Marzec, Witold"]
[Black "Winter, Lars"]
[Result "1/2-1/2"]
[WhiteElo "1711"]
[BlackElo "1917"]
[PlyCount "74"]
[EventDate "2019.??.??"]
[WhiteTeam "vereinslos"]
[BlackTeam "SV Fechenheim"]

1. c4 c6 2. Nc3 d5 3. d4 Nf6 4. e3 e6 5. Nf3 Nbd7 6. Be2 dxc4 7. Bxc4 b5 8. Bd3
Bb7 9. e4 b4 10. Na4 Be7 11. O-O O-O 12. Qc2 h6 13. Bf4 c5 14. Nxc5 Nxc5 15.
dxc5 Rc8 16. Qe2 Bxc5 17. e5 Nd7 18. Rad1 Qe7 19. Bb1 Rfd8 20. Nd2 Nf8 21. Qg4
Bd4 22. b3 Bd5 23. Ne4 Bxe4 24. Bxe4 Qc5 25. Qg3 Nd7 26. Rc1 Bc3 27. Bxh6 Qxe5
28. Qxe5 Nxe5 29. Be3 a5 30. h3 Rd6 31. Rfd1 Rcd8 32. Rxd6 Rxd6 33. Bc2 f5 34.
Rd1 Rxd1+ 35. Bxd1 Nc6 36. Bb6 Bd4 37. Bc7 Be5 1/2-1/2

[Event "Sparkassen-Open A"]
[Site "Heusenstamm, Martinsee"]
[Date "2019.11.24"]
[Round "6.112"]
[White "Launert, Martin"]
[Black "Cristino, Gregory"]
[Result "0-1"]
[WhiteElo "1853"]
[BlackElo "1717"]
[PlyCount "72"]
[EventDate "2019.??.??"]
[WhiteTeam "Sfr. Erbach"]
[BlackTeam "T.A.L."]

1. Nf3 c5 2. e4 d6 3. d4 cxd4 4. Nxd4 Nf6 5. Nc3 a6 6. Bg5 e6 7. f4 Nbd7 8. f5
Ne5 9. fxe6 fxe6 10. Be2 Be7 11. Bxf6 Bxf6 12. Bh5+ g6 13. Be2 O-O 14. O-O Qb6
15. Kh1 Qxb2 16. Qd2 Qb6 17. Rab1 Qc7 18. Na4 b5 19. Nb2 Bd7 20. Nf3 Rac8 21.
Nxe5 Bxe5 22. Rxf8+ Rxf8 23. Nd3 Qc3 24. Qd1 Bc6 25. Rb3 Qd4 26. Rb4 Qa1 27.
Rb1 Qd4 28. Rb4 Qe3 29. Nxe5 dxe5 30. Bf3 Rf4 31. Rb3 Qf2 32. h3 Bxe4 33. Qd8+
Rf8 34. Qg5 Bxf3 35. Rxf3 Rxf3 36. gxf3 Qxf3+ 0-1

[Event "Sparkassen-Open A"]
[Site "Heusenstamm, Martinsee"]
[Date "2019.11.24"]
[Round "6.113"]
[White "Faber, Lutz"]
[Black "Masoudi, Kian"]
[Result "1-0"]
[WhiteElo "1839"]
[BlackElo "1606"]
[PlyCount "87"]
[EventDate "2019.??.??"]
[WhiteTeam "Zwickauer SC"]
[BlackTeam "SF Frankfurt"]

1. d4 Nf6 2. Bf4 c5 3. e3 e6 4. Nf3 b6 5. c3 Bb7 6. Nbd2 cxd4 7. exd4 Be7 8.
Bd3 d6 9. O-O O-O 10. Rc1 Nbd7 11. Re1 Re8 12. h3 Rc8 13. Bb1 Bf8 14. Qa4 a6
15. Qc2 Qc7 16. Ng5 g6 17. Qd1 e5 18. Bh2 Bh6 19. Nge4 Nxe4 20. Bxe4 Bxe4 21.
Rxe4 f5 22. Re2 Nf6 23. Rc2 Bxd2 24. Rcxd2 Ne4 25. Rd3 Qc4 26. f3 Nf6 27. b3
Qc7 28. c4 e4 29. Rc3 Qd7 30. Qd2 exf3 31. gxf3 b5 32. Rxe8+ Rxe8 33. Re3 Rxe3
34. Qxe3 Kf7 35. Kf2 bxc4 36. bxc4 Ne8 37. d5 Qe7 38. Qb6 Qh4+ 39. Bg3 Qxc4 40.
Qb7+ Kf6 41. Qa8 Qxa2+ 42. Kg1 Qe2 43. Qd8+ Qe7 44. Bh4+ 1-0

[Event "Sparkassen-Open A"]
[Site "Heusenstamm, Martinsee"]
[Date "2019.11.24"]
[Round "6.114"]
[White "Schmitt, Clemens"]
[Black "Hartmann, Egon"]
[Result "1-0"]
[WhiteElo "1796"]
[BlackElo "1694"]
[PlyCount "99"]
[EventDate "2019.??.??"]
[WhiteTeam "SV Bergwinkel"]
[BlackTeam "SF Forst"]

1. c4 c5 2. g3 Nf6 3. Bg2 g6 4. Nc3 Bg7 5. e4 d6 6. Nge2 O-O 7. O-O Nc6 8. d3
a6 9. h3 Rb8 10. g4 Bd7 11. Ng3 b5 12. Be3 bxc4 13. dxc4 Rxb2 14. Qc1 Rb4 15.
Bh6 Rxc4 16. Bxg7 Kxg7 17. Re1 Qa5 18. Re3 Kg8 19. a3 Qd8 20. Bf1 Rxc3 21. Rxc3
a5 22. Rb1 Qc7 23. g5 Ne8 24. Rcb3 Ng7 25. Rb7 Qc8 26. h4 Ne6 27. Bh3 Rd8 28.
Bg2 Ned4 29. Qb2 Kf8 30. Qb6 Kg8 31. Rc7 Qa8 32. Rb7 Kf8 33. Kh1 Kg8 34. Qc7
Qc8 35. Qb6 Qa8 36. e5 dxe5 37. Qxc5 Qc8 38. Qb6 Kg7 39. Rc7 Qa8 40. Rb2 Kf8
41. Nf1 Kg8 42. Ne3 Kf8 43. Nc4 f6 44. gxf6 exf6 45. Qc5+ Kg7 46. Rbb7 Ne6 47.
Rxd7+ Rxd7 48. Rxd7+ Kg8 49. Qxc6 Qe8 50. Bd5 1-0

[Event "Sparkassen-Open A"]
[Site "Heusenstamm, Martinsee"]
[Date "2019.11.24"]
[Round "6.115"]
[White "Goetz, Fenja"]
[Black "Markosyan, Aleksandr"]
[Result "0-1"]
[WhiteElo "1490"]
[BlackElo "1759"]
[PlyCount "44"]
[EventDate "2019.??.??"]
[WhiteTeam "SK Bad Homburg"]
[BlackTeam "SG Idstein"]

1. e4 c5 2. Nf3 Nc6 3. d4 cxd4 4. Nxd4 g6 5. Nc3 Bg7 6. Be3 Nf6 7. f3 O-O 8.
Qd2 d5 9. O-O-O dxe4 10. Nxe4 Nxe4 11. fxe4 Bxd4 12. Bxd4 Bg4 13. Qh6 Nxd4 14.
Rd2 Qb6 15. h3 Be6 16. c3 Rac8 17. Kb1 Nb5 18. Bxb5 Qxb5 19. h4 Qa4 20. a3 Qb3
21. Rdd1 Rxc3 22. h5 Qa2# 0-1

[Event "Sparkassen-Open A"]
[Site "Heusenstamm, Martinsee"]
[Date "2019.11.24"]
[Round "6.116"]
[White "Cramer, Lydia"]
[Black "Marchese, Gaspare"]
[Result "1/2-1/2"]
[WhiteElo "1529"]
[BlackElo "1851"]
[PlyCount "71"]
[EventDate "2019.??.??"]
[WhiteTeam "ZSG Waltershausen"]
[BlackTeam "SC Matt im Park"]

1. e4 e6 2. d4 d5 3. Nd2 Nf6 4. e5 Nfd7 5. Ngf3 c5 6. dxc5 Nc6 7. Bb5 Bxc5 8.
Bxc6 bxc6 9. O-O Ba6 10. c4 O-O 11. b3 f6 12. Bb2 fxe5 13. Bxe5 Nxe5 14. Nxe5
Qc7 15. Ndf3 Rad8 16. Qc2 Be7 17. Rfe1 c5 18. Rad1 Bb7 19. h4 d4 20. Ng5 Bxg5
21. hxg5 Rf5 22. Nf3 Bxf3 23. gxf3 Rxg5+ 24. Kf1 Qf7 25. Qe4 Re8 26. Ke2 Qf6
27. Kd2 Rg2 28. Re2 d3 29. Kxd3 Rd8+ 30. Kc2 Rxd1 31. Kxd1 Qa1+ 32. Kc2 Qxa2+
33. Kc3 Qa1+ 34. Kc2 Qa2+ 35. Kc3 Qa1+ 36. Kc2 1/2-1/2

[Event "Sparkassen-Open A"]
[Site "Heusenstamm, Martinsee"]
[Date "2019.11.24"]
[Round "6.117"]
[White "Albert, Ingo"]
[Black "Krischak, Werner"]
[Result "0-1"]
[WhiteElo "1840"]
[BlackElo "1684"]
[PlyCount "116"]
[EventDate "2019.??.??"]
[WhiteTeam "vereinslos/Wiesbaden"]
[BlackTeam "SK Marburg"]

1. d4 d5 2. Nc3 Nf6 3. Bf4 e6 4. e3 Be7 5. Bd3 O-O 6. h4 c5 7. Nb5 Nc6 8. c3
Bd7 9. a4 a6 10. Na3 c4 11. Bc2 Rc8 12. h5 Na5 13. Nb1 b5 14. Nd2 b4 15. Ngf3
b3 16. Bb1 Nb7 17. Ne5 Be8 18. Qf3 Nd7 19. Nexc4 dxc4 20. Qxb7 e5 21. Bxe5 Nxe5
22. dxe5 Bc6 23. Qxa6 Bxg2 24. Rg1 Qd5 25. e4 Qxe5 26. Rxg2 Qxh5 27. Nf1 Rcd8
28. Ne3 Rd6 29. Qb5 Qh1+ 30. Ke2 Qc1 31. e5 Rd2+ 32. Kf3 Qxb2 33. Nxc4 Qxc3+
34. Ne3 Qxa1 35. Be4 Qc3 36. a5 Ra2 37. a6 Ra5 38. Qb7 b2 39. Qxe7 Rxe5 40. Qf6
g6 41. Rg1 Rfe8 42. Qc6 Qa3 43. Bd5 Rxe3+ 44. fxe3 Qxe3+ 45. Kg2 Qxg1+ 46. Kxg1
b1=Q+ 47. Kf2 Qe1+ 48. Kf3 Qf1+ 49. Kg3 Qg1+ 50. Bg2 Qe3+ 51. Bf3 Qg1+ 52. Bg2
Re3+ 53. Kf4 Qf2+ 54. Bf3 g5+ 55. Kg4 f5+ 56. Kxg5 Qg3+ 57. Kh6 Qg7+ 58. Kh5
Qg6+ 0-1

[Event "Sparkassen-Open A"]
[Site "Heusenstamm, Martinsee"]
[Date "2019.11.24"]
[Round "6.118"]
[White "Niedenthal, Robert"]
[Black "Herrmann, Gerhard"]
[Result "1/2-1/2"]
[WhiteElo "1686"]
[BlackElo "1548"]
[PlyCount "67"]
[EventDate "2019.??.??"]
[WhiteTeam "SV Hofheim"]
[BlackTeam "SC Königsspringer Alzenau"]

1. e4 d5 2. exd5 Nf6 3. c4 c6 4. Nc3 cxd5 5. cxd5 Nxd5 6. d4 Nxc3 7. bxc3 e6 8.
Nf3 Be7 9. Bb5+ Bd7 10. a4 a6 11. Bxd7+ Nxd7 12. O-O O-O 13. c4 Rc8 14. Qb3 Qc7
15. c5 b6 16. cxb6 Nxb6 17. Be3 Nd5 18. Rac1 Qb8 19. Qxb8 Rxb8 20. Ne5 Rb3 21.
Nc6 Re8 22. Nxe7+ Nxe7 23. Bg5 f6 24. Bf4 Rd3 25. Be3 Ra3 26. Rc4 Rc8 27. Rxc8+
Nxc8 28. Rc1 Ne7 29. Rc4 Ra1+ 30. Bc1 Kf7 31. g3 Kg6 32. Kg2 Ra2 33. h3 f5 34.
Kf3 1/2-1/2

[Event "Sparkassen-Open A"]
[Site "Heusenstamm, Martinsee"]
[Date "2019.11.24"]
[Round "6.119"]
[White "Baumann, Dennis"]
[Black "Englert, Fred"]
[Result "1/2-1/2"]
[WhiteElo "1664"]
[BlackElo "1820"]
[PlyCount "79"]
[EventDate "2019.??.??"]
[WhiteTeam "SF Schöneck"]
[BlackTeam "SK Klingenberg"]

1. d4 d5 2. c4 c6 3. cxd5 cxd5 4. Bf4 Nc6 5. e3 g6 6. Nc3 Bg7 7. Nf3 Nf6 8. Bd3
O-O 9. a3 b6 10. Ne5 Bb7 11. Nxc6 Bxc6 12. Be5 Qd7 13. f3 Ne8 14. Bxg7 Kxg7 15.
O-O Nd6 16. Qe2 Rac8 17. Rac1 f6 18. f4 Nc4 19. Nxd5 Nxb2 20. Nxb6 axb6 21.
Qxb2 e5 22. fxe5 fxe5 23. Rxf8 Rxf8 24. Rf1 Ra8 25. Qc3 Qd5 26. Rf2 exd4 27.
Qxd4+ Qxd4 28. exd4 Rxa3 29. Rd2 b5 30. Kf2 b4 31. Ke3 Bb5 32. Ke4 Bd7 33. d5
Bf5+ 34. Kd4 Bd7 35. Bc4 Ba4 36. Rb2 b3 37. Kc3 Kf6 38. Bxb3 Ke5 39. Re2+ Kd6
40. Kb4 1/2-1/2

[Event "Sparkassen-Open A"]
[Site "Heusenstamm, Martinsee"]
[Date "2019.11.24"]
[Round "6.120"]
[White "Burkart, Lloyd Shang"]
[Black "Wirth, Wolfram"]
[Result "0-1"]
[WhiteElo "1399"]
[BlackElo "1747"]
[PlyCount "68"]
[EventDate "2019.??.??"]
[WhiteTeam "TuS Makkabi"]
[BlackTeam "SK Gau-Algesheim"]

1. d4 Nf6 2. c4 g6 3. Nc3 Bg7 4. Nf3 O-O 5. Bf4 Nh5 6. Bg5 h6 7. Bh4 g5 8. Bg3
Na6 9. e3 d6 10. Be2 c6 11. Nd2 Nf6 12. Rc1 Nc7 13. O-O Bf5 14. b4 Re8 15. Qb3
e5 16. Rfe1 exd4 17. exd4 Ne6 18. d5 Nd4 19. Qd1 Rc8 20. Nf3 Nxe2+ 21. Nxe2 Ne4
22. Nd2 Nxg3 23. Nxg3 Bg6 24. Nde4 f5 25. Nc3 c5 26. b5 Qa5 27. Rxe8+ Rxe8 28.
Nge2 f4 29. h3 Qb4 30. Qb3 Qxb3 31. axb3 Bd3 32. Nxf4 gxf4 33. Na4 Re2 34. f3
Bc2 0-1